Statistics for Movie Franchises #1 1980's Edition

Click here to take the quiz!

General Stats

  • This quiz has been taken 29 times
  • The average score is 53 of 102

Answer Stats

HintAnswer% Correct
GhostbustersGhostbusters
100%
Top GunTop Gun
100%
SupermanSuperman
91%
BatmanBatman
86%
Batman Forever
86%
GremlinsGremlins
86%
The Batman
86%
GreaseGrease
82%
RockyRocky
82%
Rocky Balboa
82%
Back to the FutureBack to the Future
77%
Beverly Hills CopBeverly Hills Cop
77%
Die HardDie Hard
77%
Grease 2
77%
Rocky IV
77%
The Karate KidThe Karate Kid
77%
TerminatorThe Terminator
77%
Indiana JonesRaiders of the Lost Ark
73%
Rocky II
73%
Blade RunnerBlade Runner
68%
FootlooseFootloose
68%
Mad MaxMad Max
68%
The Empire Strikes Back
68%
Star WarsA New Hope
64%
AnnieAnnie
64%
Batman Begins
64%
Batman Returns
64%
Lethal WeaponLethal Weapon
64%
Maverick
64%
Rocky III
64%
Teen WolfTeen Wolf
64%
Back to the Future II
59%
Back to the Future III
59%
Batman and Robin
59%
Lethal Weapon 2
59%
Lethal Weapon 3
59%
Lethal Weapon 4
59%
Rambo
59%
Revenge of the Sith
59%
Rocky V
59%
Superman II
59%
Superman III
59%
The Dark Knight
59%
The Dark Knight Rises
59%
The FlyThe Fly
59%
Beverly Hills Cop II
55%
Creed
55%
Man of Steel
55%
The Force Awakens
55%
The Last Crusade
55%
The Last Jedi
55%
Attack of the Clones
50%
Beverly Hills Cop III
50%
Ghostbusters II
50%
Return of the Jedi
50%
Solo
50%
Teen Wolf 2
50%
Temple of Doom
50%
The Karate Kid II
50%
The Karate Kid III
50%
The Phantom Menace
50%
The Rise of Skywalker
50%
ConanConan the Barbarian
45%
Creed II
45%
RamboFirst Blood
45%
Rogue One
45%
Superman Returns
45%
Die Harder
41%
Die Hard With A Vengeance
36%
The Clone Wars
36%
The Fly II
36%
Bill and TedExcellent Adventure
32%
Judgement Day
32%
Kingdom of the Crystal Skull
27%
Mad Max 2
27%
A Good Day to Die Hard
23%
Bogus Journey
23%
Fury Road
23%
Rambo III
23%
Rise of the Machines
23%
A New Batch
18%
Beyond Thunderdome
18%
Live Free or Die Hard
18%
Afterlife
14%
Conan the Destroyer
14%
Dawn of Justice
14%
First Blood Part II
14%
Salvation
14%
The Quest For Peace
14%
Face the Music
9%
Genisys
9%
Last Blood
9%
The Next Karate Kid
9%
Dark Fate
5%
Blade Runner 2047
0%
The Lego Batman Movie
0%

Score Distribution

Percentile by Number Answered

Percent of People with Each Score

Your Score History

You have not taken this quiz